Frontières de la République Démocratique du Congo - Statistiques

Statistiques générales
  • Ce quiz a été pris 190 fois
  • Le résultat moyen est 8 sur 9
Statistiques - réponses
Kilomètres Pays % Correct
2 511 Angola
94%
2 410 République du Congo
92%
217 Rwanda
92%
1 930 Zambie
89%
233 Burundi
88%
765 Ouganda
87%
1 577 République Centrafricaine
86%
459 Tanzanie
85%
628 Soudan du Sud
79%
Aucun quiz correspondant
Distribution des résultats
% des personnes avec chaque résultat
Percentile par nombre de réponses
Votre historique - résultats
Vous n’avez pas pris ce quiz